000 00295nam a22001337a 4500
008 170608b xxu||||| |||| 00| 0 eng d
020 _a9780195397741
041 _aeng
080 _a32
100 _a18
101 _aSHP
245 _aTHE SCIENCE OF POLITICS
_cCOLOMER,J.M
942 _2udc
_cBK
999 _c16431
_d16431